[Event "NOR-ch (Women)"]
[Site "Bergen"]
[Date "2020.03.01"]
[Round "5"]
[White "Greibrokk, Ingrid Andrea"]
[Black "Hansen, Erle Andrea Marki"]
[Result "1/2-1/2"]
[WhiteElo "1862"]
[BlackElo "1860"]
[PlyCount "121"]
[EventDate "2020.02.28"]
[EventType "swiss"]
[EventRounds "5"]
[EventCountry "NOR"]
[SourceTitle "CBM 195 Extra"]
[Source "ChessBase"]
[SourceDate "2020.05.31"]
[SourceVersion "1"]
[SourceVersionDate "2020.05.31"]
[SourceQuality "1"]

1. c4 Nf6 2. g3 g6 3. Bg2 Bg7 4. Nc3 0-0 5. e3 d6 6. Nge2 Nbd7 7. 0-0 c6 8. d4 e5 9. b3 Ne8 10. dxe5 Nxe5 11. Qc2 Qc7 12. Ba3 Rb8 13. Rac1 Qa5 14. Bb2 Nf6 15. Rfd1 Rd8 16. h3 Qc7 17. Rd2 b5 18. cxb5 cxb5 19. Ne4 Qxc2 20. Nxf6+ Bxf6 21. Rcxc2 Bb7 22. f4 Nd7 23. Bxb7 Bxb2 24. Rxb2 Rxb7 25. Rxd6 Re8 26. Rbd2 Nc5 27. Rd8 Rbe7 28. Rxe8+ Rxe8 29. Rd5 Rc8 30. Nd4 b4 31. Nb5 a5 32. Nd6 Rc6 33. Nc4 a4 34. Ne5 Rc8 35. Rd4 axb3 36. axb3 Nxb3 37. Rxb4 Rc3 38. Kf2 Nc5 39. Rc4 Rxc4 40. Nxc4 Ne4+ 41. Kf3 f5 42. g4 Kg7 43. gxf5 gxf5 44. Nb6 Kf6 45. Nd5+ Ke6 46. Nb4 Kf7 47. Nd3 Kg6 48. Nf2 Nf6 49. e4 fxe4+ 50. Nxe4 Nd5 51. Ng3 Kf6 52. h4 Nc3 53. Kg4 Nd5 54. Ne4+ Kg7 55. Nd6 Ne3+ 56. Kg5 h6+ 57. Kh5 Ng2 58. f5 Ne3 59. f6+ Kxf6 60. Kxh6 Nf5+ 61. Nxf5 1/2-1/2

[Event "Sharjah Cup (Women) 10th"]
[Site "Sharjah"]
[Date "2020.01.07"]
[Round "4"]
[White "Mira, Husain Al Hammadi"]
[Black "Greibrokk, Ingrid Andrea"]
[Result "0-1"]
[WhiteElo "1048"]
[BlackElo "1855"]
[PlyCount "52"]
[EventDate "2020.01.04"]
[EventType "swiss"]
[EventRounds "9"]
[EventCountry "UAE"]
[SourceTitle "CBM 194 Extra"]
[Source "ChessBase"]
[SourceDate "2020.03.31"]
[SourceVersion "1"]
[SourceVersionDate "2020.03.31"]
[SourceQuality "1"]

1. f4 d5 2. Nf3 g6 3. e3 Bg7 4. Be2 e6 5. 0-0 Ne7 6. Qe1 0-0 7. g4 c5 8. h4 Nbc6 9. c3 f5 10. g5 e5 11. Qg3 e4 12. Nh2 Be6 13. d4 exd3 14. Bxd3 d4 15. e4 fxe4 16. Bxe4 Nf5 17. Bxf5 Bxf5 18. Ng4 Qd7 19. Nh6+ Bxh6 20. gxh6 Rae8 21. Re1 Rxe1+ 22. Qxe1 Re8 23. Qf2 Bxb1 24. Rxb1 Qg4+ 25. Kh1 Re2 26. Qf1 Qxh4+ 0-1

[Event "Sharjah Cup (Women) 9th"]
[Site "Sharjah"]
[Date "2018.12.19"]
[Round "8"]
[White "Greibrokk, Ingrid Andrea"]
[Black "Mohammed, Ghalia"]
[Result "1-0"]
[WhiteElo "1857"]
[BlackElo "1201"]
[PlyCount "45"]
[EventDate "2018.12.14"]
[EventType "swiss"]
[EventRounds "9"]
[EventCountry "UAE"]
[SourceTitle "CBM 187 Extra"]
[Source "ChessBase"]
[SourceDate "2018.11.04"]
[SourceVersion "1"]
[SourceVersionDate "2018.11.04"]
[SourceQuality "1"]

1. e4 e5 2. Nf3 Nc6 3. Bb5 a6 4. Ba4 Nf6 5. 0-0 b5 6. Bb3 Bc5 7. Re1 0-0 8. c3 Ng4 9. Re2 d6 10. h3 Nf6 11. d4 exd4 12. cxd4 Bb6 13. Bg5 Re8 14. Nc3 Qd7 15. Bxf6 gxf6 16. Nd5 Qd8 17. Nxb6 cxb6 18. Bd5 Bb7 19. Nh4 Rc8 20. Nf5 Rf8 21. Re3 Rc7 22. Qg4+ Kh8 23. Qg7# 1-0

[Event "Sharjah Cup (Women) 9th"]
[Site "Sharjah"]
[Date "2018.12.18"]
[Round "7"]
[White "Drljevic, Ljilja"]
[Black "Greibrokk, Ingrid Andrea"]
[Result "1-0"]
[WhiteElo "2208"]
[BlackElo "1857"]
[PlyCount "51"]
[EventDate "2018.12.14"]
[EventType "swiss"]
[EventRounds "9"]
[EventCountry "UAE"]
[SourceTitle "CBM 187 Extra"]
[Source "ChessBase"]
[SourceDate "2018.11.04"]
[SourceVersion "1"]
[SourceVersionDate "2018.11.04"]
[SourceQuality "1"]

1. g3 d5 2. Bg2 e5 3. c4 dxc4 4. Nc3 c6 5. Nf3 Bd6 6. Ne4 Nf6 7. Nxd6+ Qxd6 8. Qc2 b5 9. a4 Bb7 10. b3 cxb3 11. Qxb3 a6 12. Ba3 Qd5 13. Qb4 c5 14. Qxc5 Qxc5 15. Bxc5 Ne4 16. Ba3 Ng5 17. 0-0 Nxf3+ 18. exf3 Nc6 19. f4 exf4 20. Rab1 fxg3 21. fxg3 Na5 22. Rbe1+ Kd8 23. Bb4 Nc6 24. Rxf7 Re8 25. Rb1 Kc8 26. Rc1 1-0

[Event "EU-ch U18 Girls 28th"]
[Site "Riga"]
[Date "2018.08.27"]
[Round "7.4"]
[White "Greibrokk, Ingrid Andrea"]
[Black "Olde, Margareth"]
[Result "0-1"]
[WhiteElo "1913"]
[BlackElo "2127"]
[PlyCount "148"]
[EventDate "2018.08.20"]
[EventType "swiss"]
[EventRounds "9"]
[EventCountry "LAT"]
[SourceTitle "CBM 186 Extra"]
[Source "ChessBase"]
[SourceDate "2018.08.24"]
[SourceVersion "1"]
[SourceVersionDate "2018.08.24"]
[SourceQuality "1"]

1. e4 c5 2. Nf3 e6 3. d4 cxd4 4. Nxd4 Nc6 5. Nc3 a6 6. g3 Nf6 7. Bg2 Qc7 8. Nxc6 bxc6 9. Bf4 e5 10. Bg5 Be7 11. 0-0 h6 12. Be3 d6 13. Na4 Rb8 14. c4 Ng4 15. Bc1 0-0 16. h3 Nf6 17. Nc3 Be6 18. b3 Rbd8 19. Bb2 Nh7 20. Rc1 Qb8 21. Qe2 f5 22. exf5 Bxf5 23. Kh2 Qc7 24. Ne4 Nf6 25. Nxf6+ Bxf6 26. Rce1 Rde8 27. Qf3 Bd7 28. Qd1 c5 29. Qd5+ Be6 30. Qc6 Qxc6 31. Bxc6 Rc8 32. Bb7 Rb8 33. Bg2 Bxc4 34. Rg1 Bd3 35. Re3 e4 36. Bxf6 Rxf6 37. f3 exf3 38. Bxf3 Bg6 39. Rd1 Re8 40. Rxe8+ Bxe8 41. Kg2 a5 42. a3 Bf7 43. b4 axb4 44. axb4 cxb4 45. Rb1 b3 46. Bd1 Bd5+ 47. Kg1 Kf7 48. Bxb3 Bxb3 49. Rxb3 Ke6 50. Re3+ Kd5 51. Re7 g5 52. Kg2 Kc4 53. Rc7+ Kd4 54. h4 g4 55. Rg7 h5 56. Rg5 Rh6 57. Kf2 d5 58. Ke2 Re6+ 59. Kd2 Re5 60. Rg8 Re3 61. Rg5 Rxg3 62. Rxh5 Rg2+ 63. Ke1 Rh2 64. Kf1 Ke4 65. Kg1 g3 66. Rh7 d4 67. h5 d3 68. Re7+ Kf3 69. Rf7+ Kg4 70. Rd7 Rd2 71. Rg7+ Kh3 72. Rf7 Rd1+ 73. Rf1 Rxf1+ 74. Kxf1 g2+ 0-1

[Event "Oslo Sveins op 11th"]
[Site "Oslo"]
[Date "2018.06.23"]
[Round "3"]
[White "Sjoberg, Isak"]
[Black "Greibrokk, Ingrid Andrea"]
[Result "1-0"]
[WhiteElo "2075"]
[BlackElo "1821"]
[PlyCount "59"]
[EventDate "2018.06.22"]
[EventType "swiss"]
[EventRounds "9"]
[EventCountry "NOR"]
[SourceTitle "CBM 185 Extra"]
[Source "ChessBase"]
[SourceDate "2018.07.29"]
[SourceVersion "1"]
[SourceVersionDate "2018.07.29"]
[SourceQuality "1"]

1. e4 c5 2. Nf3 d6 3. d4 cxd4 4. Qxd4 Nc6 5. Bb5 Bd7 6. Bxc6 Bxc6 7. Nc3 Nf6 8. Bg5 e6 9. 0-0-0 Be7 10. Qd3 0-0 11. Nd4 Rc8 12. f4 d5 13. e5 Nd7 14. h4 Nc5 15. Qe3 a6 16. Qg3 g6 17. f5 exf5 18. Nxf5 Bxg5+ 19. hxg5 Ne6 20. Ne4 h5 21. Nf6+ Kh8 22. Qh4 Ng7 23. Nd6 Rc7 24. g4 Qe7 25. gxh5 gxh5 26. Qxh5+ Nxh5 27. Rxh5+ Kg7 28. Nf5+ Kg6 29. Nh4+ Kg7 30. Rh7# 1-0

[Event "Wch U20 Girls 35th"]
[Site "Tarvisio"]
[Date "2017.11.21"]
[Round "8"]
[White "Greibrokk, Ingrid Andrea"]
[Black "Vanduyfhuys, Daria"]
[Result "0-1"]
[WhiteElo "1868"]
[BlackElo "1755"]
[PlyCount "90"]
[EventDate "2017.11.13"]
[EventType "swiss"]
[EventRounds "11"]
[EventCountry "ITA"]
[SourceTitle "CBM 181 Extra"]
[Source "ChessBase"]
[SourceDate "2017.12.12"]
[SourceVersion "1"]
[SourceVersionDate "2017.12.12"]
[SourceQuality "1"]

1. c4 g6 2. g3 Bg7 3. Bg2 e5 4. Nc3 d6 5. e3 f5 6. d4 Nc6 7. dxe5 Nxe5 8. Nge2 Nf6 9. 0-0 0-0 10. b3 Kh8 11. Bb2 Bd7 12. Bxb7 Rb8 13. Bg2 Nxc4 14. bxc4 Rxb2 15. Rb1 Rb6 16. Nd4 Qe7 17. Rxb6 axb6 18. Nd5 Nxd5 19. cxd5 Ra8 20. Qd2 Kg8 21. Rc1 Bxd4 22. Qxd4 Bb5 23. Qb2 Ra5 24. Bf3 Be8 25. h4 Bf7 26. Qb3 Rc5 27. Rxc5 dxc5 28. Be2 Qe4 29. Bc4 Kf8 30. Kh2 c6 31. f3 Qxf3 32. dxc6 Bxc4 33. Qxc4 Qxc6 34. Qc3 h5 35. Qh8+ Kf7 36. Qh7+ Kf6 37. Qh8+ Ke6 38. Qg7 Kd5 39. Qf7+ Qe6 40. Qb7+ Kc4 41. Qa6+ Kb4 42. a3+ Kc3 43. Qb5 c4 44. Qb4+ Kc2 45. Qe1 c3 0-1

[Event "Wch U20 Girls 35th"]
[Site "Tarvisio"]
[Date "2017.11.15"]
[Round "3"]
[White "Priyanka, K."]
[Black "Greibrokk, Ingrid Andrea"]
[Result "1-0"]
[WhiteElo "2046"]
[BlackElo "1868"]
[PlyCount "99"]
[EventDate "2017.11.13"]
[EventType "swiss"]
[EventRounds "11"]
[EventCountry "ITA"]
[SourceTitle "CBM 181 Extra"]
[Source "ChessBase"]
[SourceDate "2017.12.12"]
[SourceVersion "1"]
[SourceVersionDate "2017.12.12"]
[SourceQuality "1"]

1. e4 e5 2. Nf3 Nc6 3. Bb5 a6 4. Ba4 Nf6 5. 0-0 Nxe4 6. Re1 Nc5 7. Bxc6 dxc6 8. Nxe5 Be7 9. d4 Ne6 10. c3 0-0 11. Be3 f6 12. Nd3 Bd6 13. Nd2 g6 14. Bh6 Re8 15. Qb3 Qd7 16. Re2 Qf7 17. Rae1 Bd7 18. Ne4 b6 19. d5 cxd5 20. Nxd6 cxd6 21. Qxb6 g5 22. Qxd6 Rad8 23. h4 Qg6 24. Qxa6 Qxh6 25. Rxe6 Bxe6 26. Rxe6 Rxe6 27. Qxe6+ Kh8 28. Ne5 Rf8 29. Nf7+ Rxf7 30. Qxf7 gxh4 31. Qe8+ Kg7 32. Qe7+ Kg8 33. Qe6+ Kh8 34. Qc8+ Kg7 35. Qg4+ Kh8 36. f4 Qf8 37. Qxh4 Qe7 38. Qf2 Qe4 39. b4 Qd3 40. Qd4 Qb1+ 41. Kh2 Qxa2 42. Qxf6+ Kg8 43. f5 Qd2 44. Qe6+ Kh8 45. f6 Qf4+ 46. Kh3 Qh6+ 47. Kg3 Qg6+ 48. Kf4 Qh6+ 49. Kf3 Qh5+ 50. Qg4 1-0

[Event "Oslo op"]
[Site "Fornebu"]
[Date "2017.10.04"]
[Round "7"]
[White "Greibrokk, Ingrid Andrea"]
[Black "Maksimovic, Branimir"]
[Result "0-1"]
[WhiteElo "1820"]
[BlackElo "2343"]
[PlyCount "98"]
[EventDate "2017.09.29"]
[EventType "swiss"]
[EventRounds "10"]
[EventCountry "NOR"]
[SourceTitle "CBM 181 Extra"]
[Source "ChessBase"]
[SourceDate "2017.12.12"]
[SourceVersion "1"]
[SourceVersionDate "2017.12.12"]
[SourceQuality "1"]

1. e4 d6 2. d4 Nf6 3. f3 g6 4. Be3 Bg7 5. Nc3 0-0 6. Qd2 e5 7. Nge2 c6 8. 0-0-0 Qa5 9. Kb1 Be6 10. g4 Na6 11. h4 b5 12. Nd5 Qd8 13. Nxf6+ Qxf6 14. Bg2 Bc4 15. Ng3 Qe7 16. h5 Nc7 17. Bh6 f6 18. hxg6 hxg6 19. dxe5 dxe5 20. Qd7 Qxd7 21. Rxd7 Rf7 22. Rxf7 Bxf7 23. Be3 Ne6 24. Rd1 Bf8 25. Rd7 a6 26. c3 c5 27. Ne2 Be8 28. Rd1 c4 29. f4 Bc6 30. f5 gxf5 31. gxf5 Nc5 32. Bxc5 Bxc5 33. b4 cxb3 34. axb3 a5 35. Nc1 b4 36. Nd3 Bd7 37. cxb4 axb4 38. Kb2 Kf7 39. Rc1 Bb5 40. Bf1 Bd6 41. Kb1 Ra3 42. Nxe5+ Bxe5 43. Bxb5 Rxb3+ 44. Kc2 Rc3+ 45. Kb1 Re3 46. Bc4+ Ke7 47. Bd5 b3 48. Rd1 Re2 49. Bc6 Rb2+ 0-1

[Event "Oslo op"]
[Site "Fornebu"]
[Date "2017.10.01"]
[Round "4"]
[White "Greibrokk, Ingrid Andrea"]
[Black "Sousa, Ludy Helsio Paulo"]
[Result "0-1"]
[WhiteElo "1820"]
[BlackElo "2171"]
[PlyCount "72"]
[EventDate "2017.09.29"]
[EventType "swiss"]
[EventRounds "10"]
[EventCountry "NOR"]
[SourceTitle "CBM 181 Extra"]
[Source "ChessBase"]
[SourceDate "2017.12.12"]
[SourceVersion "1"]
[SourceVersionDate "2017.12.12"]
[SourceQuality "1"]

1. c4 e5 2. g3 Nf6 3. Bg2 d5 4. d3 Nc6 5. cxd5 Nxd5 6. Nc3 Be6 7. Nf3 Be7 8. 0-0 Nb6 9. Be3 f5 10. Qc1 h6 11. Rd1 Bf6 12. Bc5 Nd7 13. Be3 0-0 14. d4 exd4 15. Nxd4 Nxd4 16. Bxd4 c6 17. Bc5 Re8 18. e4 Qa5 19. b4 Qc7 20. Bd6 Qb6 21. Qc2 fxe4 22. Bxe4 Bg4 23. Re1 Qd4 24. Bh7+ Kh8 25. Ne4 Rxe4 26. Qxe4 Qxd6 27. Qxg4 Bxa1 28. Bf5 Ne5 29. Qh5 Bd4 30. Kg2 Qd5+ 31. Be4 Qf7 32. Qe2 Qc4 33. Qh5 Rf8 34. Re2 Qf7 35. Qh3 Bxf2 36. a3 Bd4 0-1

[Event "Wch U18 Girls"]
[Site "Montevideo"]
[Date "2017.09.24"]
[Round "9"]
[White "Greibrokk, Ingrid Andrea"]
[Black "Blazeka, Mihaela"]
[Result "0-1"]
[WhiteElo "1820"]
[BlackElo "2096"]
[PlyCount "134"]
[EventDate "2017.09.17"]
[EventType "swiss"]
[EventRounds "11"]
[EventCountry "URU"]
[SourceTitle "CBM 180 Extra"]
[Source "ChessBase"]
[SourceDate "2017.10.06"]
[SourceVersion "1"]
[SourceVersionDate "2017.10.06"]
[SourceQuality "1"]

1. c4 Nf6 2. Nf3 e6 3. g3 d5 4. Bg2 Be7 5. 0-0 0-0 6. b3 d4 7. d3 c5 8. e4 Nc6 9. h3 e5 10. Nh2 a6 11. f4 Nd7 12. f5 b5 13. Nd2 Rb8 14. Ndf3 bxc4 15. bxc4 Qa5 16. Qc2 Nb4 17. Qe2 f6 18. g4 Nb6 19. g5 Na4 20. g6 h6 21. Ng4 Rd8 22. Bxh6 gxh6 23. Nxh6+ Kg7 24. Nf7 Bd7 25. Qd2 Rh8 26. Nxh8 Rxh8 27. h4 Nc3 28. Bh3 Ba4 29. Rfc1 Bf8 30. Nh2 Rxh4 31. Kg2 Be7 32. Ng4 Qd8 33. a3 Nc6 34. Rh1 Qh8 35. Kg3 Qh5 36. Rae1 Na5 37. Nf2 Nb3 38. Bg4 Qg5 39. Qxg5 fxg5 40. Rxh4 gxh4+ 41. Kh3 Nd2 42. Bh5 Bc2 43. Rc1 Bb1 44. Rh1 Nb3 45. Rg1 Na5 46. Rf1 Bf6 47. Kh2 Nc6 48. Ng4 Bxd3 49. Nxf6 Kxf6 50. Rg1 Ne7 51. g7 Bxc4 52. Bf3 Bg8 53. Kh3 Nb5 54. Kxh4 c4 55. a4 Nc3 56. a5 Nb5 57. Rc1 Kxg7 58. Kg5 Nc6 59. f6+ Kf8 60. Kf5 Nd6+ 61. Kg5 d3 62. Rb1 Nb5 63. Rf1 c3 64. f7 Bxf7 65. Bh5 Nd6 66. Bxf7 Nxf7+ 67. Kg6 Ncd8 0-1

[Event "Oslo Sveins op 10th"]
[Site "Oslo"]
[Date "2017.06.26"]
[Round "7"]
[White "Sousa, Ludy Helsio Paulo"]
[Black "Greibrokk, Ingrid Andrea"]
[Result "1-0"]
[WhiteElo "2159"]
[BlackElo "1936"]
[PlyCount "119"]
[EventDate "2017.06.23"]
[EventType "swiss"]
[EventRounds "9"]
[EventCountry "NOR"]
[SourceTitle "CBM 179 Extra"]
[Source "ChessBase"]
[SourceDate "2017.08.23"]
[SourceVersion "1"]
[SourceVersionDate "2017.08.23"]
[SourceQuality "1"]

1. e4 c5 2. Nf3 d6 3. d4 cxd4 4. Nxd4 Nf6 5. Nc3 g6 6. Be3 Bg7 7. f3 0-0 8. Qd2 Nc6 9. 0-0-0 d5 10. exd5 Nxd5 11. Nxc6 bxc6 12. Bd4 Bxd4 13. Qxd4 Qb6 14. Na4 Qa5 15. b3 Re8 16. Qc5 Qxc5 17. Nxc5 e5 18. a4 a5 19. Rd2 Ra7 20. Bc4 Ne3 21. Bd3 Nf5 22. Bxf5 gxf5 23. Re1 Kg7 24. Rd6 Rc7 25. f4 e4 26. Re3 Be6 27. Rc3 Bd5 28. Rxd5 cxd5 29. Ne6+ Rxe6 30. Rxc7 Rg6 31. g3 Rh6 32. Rd7 Rxh2 33. Rxd5 Kf6 34. Rxa5 Rg2 35. Re5 Rxg3 36. Re8 h5 37. a5 h4 38. a6 h3 39. a7 h2 40. Rh8 h1Q+ 41. Rxh1 Rg8 42. Rh6+ Ke7 43. Ra6 Ra8 44. b4 Kd8 45. Ra5 Kc8 46. Kd2 Kb7 47. Rxf5 Kxa7 48. Rxf7+ Kb6 49. Re7 Kb5 50. Rxe4 Rf8 51. Kc3 Kb6 52. Kb3 Rg8 53. f5 Rg3+ 54. Kc4 Rf3 55. Re6+ Kc7 56. f6 Kd7 57. Ra6 Rf4+ 58. Kb3 Rf3+ 59. c3 Kc7 60. b5 1-0